|
|
|
|
| LEADER |
00962nam a2200265 4500 |
| 001 |
c000104922 |
| 003 |
CARM |
| 005 |
00000000000000.0 |
| 008 |
731116c19741971nju 000 1 eng |
| 010 |
|
|
|a 73020187 //r93
|
| 019 |
1 |
|
|a 514404
|5 LACONCORD2021
|
| 020 |
|
|
|a 0130777927
|
| 035 |
|
|
|a (OCoLC)754554
|5 LACONCORD2021
|
| 043 |
|
|
|a e------
|a ff-----
|a aw-----
|
| 050 |
0 |
0 |
|a PZ4.R6447
|b Bo4
|a PR6068.O15
|
| 082 |
0 |
0 |
|a 823/.9/14
|
| 100 |
1 |
|
|a Roberts, Keith,
|d 1935-
|
| 245 |
1 |
4 |
|a The boat of fate;
|b an historical novel.
|
| 260 |
|
|
|a Englewood Cliffs, N.J.,
|b Prentice-Hall
|c [1974, c1971]
|
| 300 |
|
|
|a 351 p.
|c 22 cm.
|
| 651 |
|
0 |
|a Rome
|x History
|y Empire, 30 B.C.-476 A.D.
|x Fiction.
|
| 655 |
|
7 |
|a Historical fiction.
|2 gsafd
|
| 852 |
8 |
|
|b CARM
|h A2:AD33A0
|i B03146
|p 0152442
|f BK
|
| 999 |
f |
f |
|i 5863fc48-2b99-50ff-9908-e64bc2a95908
|s 22e92c13-9017-54df-8d14-28a40a52642b
|
| 952 |
f |
f |
|p Can circulate
|a CAVAL
|b CAVAL
|c CAVAL
|d CARM 1 Store
|e B03146
|f A2:AD33A0
|h Other scheme
|i book
|m 0152442
|